Statistics for Cleveland Cavaliers NBA All-Stars

Click here to take the quiz!

General Stats

  • This quiz has been taken 118 times
    (101 since last reset)
  • The average score is 8 of 17

Answer Stats

Players Selections Last % Correct
LeBron James92018
100%
Kyrie Irving42017
97%
Kevin Love22018
97%
Mark Price41994
86%
Zydrunas Ilgauskas12003
73%
Brad Daugherty51993
70%
Larry Nance21993
63%
Mo Williams12009
61%
Shawn Kemp11998
39%
Austin Carr11974
34%
Terrell Brandon21997
32%
John Johnson21972
27%
Tyrone Hill11995
19%
Lenny Wilkens11973
19%
Campy Russell11979
15%
Mike Mitchell11981
10%
Butch Beard11972
6%

Score Distribution

Percentile by Number Answered

Percent of People with Each Score

Your Score History

You have not taken this quiz since the last reset